Краткий курс физики для медиков, естественников и техников. Часть 1: Введение. Механика. Некоторые измерительные приборы и способы измерения. Учения о газах, жидкостях и твердых телах

Bibliografiske detaljer
Hovedforfatter: Хвольсон О. Д. Орест Данилович
Sprog:russisk
Udgivet: Санкт-Петербург, Издание К. Л. Риккера, 1900
Fag:
Format: Bog
KOHA link:https://koha.lib.tpu.ru/cgi-bin/koha/opac-detail.pl?biblionumber=314260

MARC

LEADER 00000nam0a2200000 4500
001 314260
005 20250602165620.0
035 |a (RuTPU)RU\TPU\book\339671 
035 |a RU\TPU\book\287663 
090 |a 314260 
100 |a 20160211d1900 m y0rusy50 ca 
101 0 |a rus 
102 |a RU 
105 |a a j 001zy 
200 1 |a Краткий курс физики для медиков, естественников и техников. Часть 1: Введение. Механика. Некоторые измерительные приборы и способы измерения. Учения о газах, жидкостях и твердых телах  |f О. Д. Хвольсон 
210 |a Санкт-Петербург  |c Издание К. Л. Риккера  |d 1900 
215 |a X, 342 с.  |c с 242 рис. в тексте 
316 |5 63413507: 14492  |a На тит. листе владельческая подпись: «Ant. Ossendowski» 
317 |5 63413507: 14492  |a Поступил в НТБ в 1915 г. в дар от лаборанта ТТИ А. М. Оссендовского (наст. имя Фердинанд Антоний Оссендовский) 
320 |a Предм. указ.: с. 336-338 
320 |a Указатель русских авторов: с. 339 
320 |a Указатель иностранных авторов: с. 340-342. 
610 1 |a физика 
610 1 |a механика 
610 1 |a сила 
610 1 |a энергия 
610 1 |a колебательное движение 
610 1 |a всемирное тяготение 
610 1 |a потенциалы 
610 1 |a сила тяжести 
610 1 |a измерительные приборы 
610 1 |a газы 
610 1 |a жидкости 
610 1 |a твердые тела 
610 1 |a учения 
610 1 |a владельческая подпись 
610 1 |a Коллекция А. М. Оссендовского 
610 1 |a дары библиотеке 
675 |a 531  |v 3 
675 |a 532  |v 3 
700 1 |a Хвольсон  |b О. Д.  |c российский физик  |c член-корреспондент Петербургской АН  |f 1852-1934  |g Орест Данилович  |3 (RuTPU)RU\TPU\pers\9668  |9 1936 
801 1 |a RU  |b 63413507  |c 20140620 
801 2 |a RU  |b 63413507  |c 20170301  |g RCR 
850 |a 63413507 
942 |c BK